| 000 | 01176cam a2200205 i 4500 | ||
|---|---|---|---|
| 005 | 20251208110432.0 | ||
| 008 | 250721s1999 le gr 000 0 ara d | ||
| 082 | 1 | 4 |
_a216 _bت ل ي |
| 100 | 1 |
_aالتيلندي، عبد الله بن عبد القادر _eمؤلف. |
|
| 245 | 1 | 0 |
_aإتمام المنة بشرح منهاج الجنة في فقه السنة ؛ _bالاخبار المسطوره في القراءة في الصلاه ببعض السورة. _cتاليف الشيخ عبد الله عبد القادر التليدي ، للشيخ احمد بن محمد بن الصديق الغماري الحسني. |
| 246 | 1 | 0 | _aلاخبار المسطوره في القراءة في الصلاه ببعض السورة للشيخ احمد بن محمد بن الصديق الغماري الحسني. |
| 250 | _aالعبعه الاولى. | ||
| 264 | 3 | 1 |
_aبيروت : _bدار البشائر الإسلامية، _c1999. |
| 300 | _a600 صفحه. | ||
| 650 | 1 | 7 | _aالفقه الإسلامي. |
| 650 | 1 | 7 | _aالإسلام. |
| 700 | 1 |
_aالحسني، احمد بن محمد بن الصديق الغماري _eمؤلف. |
|
| 942 |
_2ddc _cBK |
||
| 999 |
_c10511 _d10511 |
||